000 00845cam a2200217 i 4500
005 20251120100124.0
008 250721s2004 ku gr 000 0 ara d
020 _a9990601275
082 1 4 _a210.72
_bش ت ي
100 1 _aشتيبات، فريتس
_eمؤلف
245 1 0 _aالإسلام شريكا :
_bدراسات عن الإسلام و المسلمين /
_cتأليف فريتس شتيبات، ترجمة د. عبد الغفار مكاوي.
264 3 1 _aالصفاة :
_bالمجلس الوطني للثقافة و الفنون و الآداب،
_c2004.
300 _a215 صفحة.
490 0 _aعالم المعرفة
_v302
650 1 7 _aالإسلام.
650 1 7 _aالبحوث.
650 1 7 _aالمسلمون.
700 1 _aمكاوي، عبد الغفار
_eمترجم.
942 _2ddc
_cBK
999 _c104658
_d104658